000 02446nam a2200361Ia 4500
001 CRC00E45512PDF
003 BD-DhSAU
005 20151012144259.0
006 m|||||o||d||||||||
007 cr||||
008 111024s2011 fluabd sb 001 0 eng d
020 _a9781420045529 (ebook : PDF)
040 _aBD-DhSAU
_cBD-DhSAU
090 _aQE501.4.P3
_bP226 2011
092 _a560
_bP153
245 0 0 _aPalaeogeography and palaeobiogeography
_h[electronic resource] :
_bbiodiversity in space and time /
_cedited by Paul Upchurch, Alistair J. McGowan, Claire S.C. Slater.
260 _aBoca Raton :
_bCRC Press,
_c2011.
300 _axv, 223 p. :
_bill., maps.
490 1 _aSystematics Association special volume series ;
_v77
504 _aIncludes bibliographical references and index.
505 0 _ach. 1. Biogeographical convergence and time-slicing : concepts and methods in comparative biogeography / Fabrizio Cecca, Juan J. Morrone, and Malte C. Ebach -- ch. 2. Phylogenetic methods in palaeobiogeography : changing from simplicity to complexity without losing parsimony / Daniel R. Brooks and Kaila E. Folinsbee -- ch. 3. Uncertainties in phanerozoic global continental reconstructions and their biogeographical implications : a review / Alan G. Smith -- ch. 4. Boundaries and barriers of North American warm deserts : an evolutionary perspective / David J. Hafner and Brett R. Riddle -- ch. 5. Integrating GIS and phylogenetic biogeography to assess species-level biogeographic patterns : a case study of late Devonian faunal dynamics / Alycia L. Stigall -- ch. 6. A case study of the palaeobiogeography of early Mesozoic actinopterygians : the family Ptycholepidae / Raoul J. Mutter -- ch. 7. Disparity as a complement to taxonomy and phylogeny in biogeographic studies : present and past examples from the cephalopods / Alistair J. McGowan and Pascal Neige.
530 _aAlso available in print edition.
538 _aMode of access: World Wide Web.
650 0 _aPaleogeography.
650 0 _aPaleobiology.
655 7 _aElectronic books.
_2lcsh
700 1 _aUpchurch, Paul.
700 1 _aMcGowan, Alistair.
700 1 _aSlater, Claire.
776 1 _z9781420045512 (hardcover : alk. paper)
830 0 _aSystematics Association special volume ;
_v77.
856 4 0 _uhttp://marc.crcnetbase.com/isbn/9781420045529
_qapplication/PDF
999 _c11011
_d11010